Inzert expres ako prežiť v Bratislave

Bibliographic Details
Other Authors: Štefíková, Katarína (Publishing director)
Format: Journal
Language:Slovak
PhysicalDescription:zv. 25 cm
Published: Bratislava City Press 2002-[2003]
Subjects:

MARC

LEADER 00000cas a2200000 a 4500
001 vtls008881648
003 SK-MaSNL
005 20260425194216.0
008 020125d20022003xo er|p|| 0 0 b0slo|
035 |a (SVKBB03)vtls000103896 
040 |a SVKBB  |b slo  |c SVKBB  |d SNK  |e AACR2 
041 0 |a slo 
043 |a e-xo--- 
044 |a xo  |c SK 
072 7 |a 659  |x Reklama. Public relations. Médiá  |2 konspekt 
080 |a 070.485 
080 |a (437.611)  |2 2011 
080 |a 659.131/.132  |2 2001 
080 |a 655.535.6(051)  |2 2011 
245 0 0 |a Inzert expres  |b ako prežiť v Bratislave 
246 1 3 |a Bratislavský informačný spravodaj 
260 |a Bratislava  |b City Press  |c 2002-[2003] 
300 |a zv.  |c 25 cm 
310 |a 2x mesačne 
362 0 |a 2002-[2003] 
500 |a Podnázov v tiráži: špecializovaný inzertný časopis ; od č. 12/2002, regionálny inzertný časopis 
500 |a Šéfredaktorka: Katarína Štefíková 
500 |a Popis podľa: Č. 8/2002 
500 |a Vydávaný ako príloha k časopisu Autoburza 
650 0 7 |a inzercia  |2 SNKPH  |9 22087 
651 7 |a Bratislava (Slovensko)  |2 SNKPH  |9 14568 
655 7 |a inzertné časopisy  |2 SNKPH  |9 70809 
700 1 |a Štefíková, Katarína  |4 pbd  |9 270538 
772 0 |t Autoburza  |w vtls008419601 
910 |a snk 
999 |c 7066  |d 8996 
952 |t č. 1-23, neúplné  |a SNK  |b SNK  |y PREZ  |7 0  |p 17A1268688  |o snkČSB 6647/2002  |i snk2018/8253  |8 0  |z Chýba č. 1-7,10,13,15-17,19-21  |0 0  |1 0  |4 0  |d 2018-04-11  |l 0  |r 2026-02-21 21:56:56  |w 2026-02-21 
952 |t len č. 1,8  |a SNK  |b SNK  |y NEVYP  |7 1  |p 17A1268719  |o snkČSB 6647/2003  |i snk2018/8254  |8 0  |0 0  |1 0  |4 0  |d 2018-04-11  |l 0  |r 2026-02-21 21:56:56  |w 2026-02-21 
952 |t č. 1-23, neúplné  |a SNK  |b SNK  |y PREZ  |7 0  |p 17A1268720  |o snkČSB 6647/2002 D1  |i snk2018/8257  |8 0  |z Chýba č. 1-7,10-11,13-21  |0 0  |1 0  |4 0  |d 2018-04-11  |l 0  |r 2026-02-21 21:56:56  |w 2026-02-21